000 00429nam a2200145Ia 4500
008 231129s1996||||xx |||||||||||||| ||spa||
020 _a958-04-3537-7
040 _bspa
082 _a922.21 J91b
100 _aBernstein Carl
245 0 _aSu santidad : Juan Pablo II y la historia oculta de nuestro tiempo
260 _c1996
264 _aBarcelona (EspaƱa) : Norma
942 _2ddc
_cBKS
999 _c24870
_d24870